Guia per al consum responsable de roba / [Coordinació i redacció: Garbiñe Mendizabal, Mónica Quintela] Garbiñe Mendizabal, Mónica Quintela]

Publicat: [Barcelona] : Setem, Campanya Roba Neta , 2005
Descripció física: 75 p. ; 15 cm

MARC

LEADER 00000nam a2200000Ia 4500
001 19176
008 160829s2005 xx 000 0 cat d
080 |a M-3-271 
245 |a Guia per al consum responsable de roba / [Coordinació i redacció:  |b  Garbiñe Mendizabal, Mónica Quintela] 
250 |a 2a ed. 
260 |a [Barcelona] :  |b Setem, Campanya Roba Neta,  |c 2005 
300 |a 75 p. ;  |c 15 cm 
590 |a Amb el suport de la Diputació de Barcelona 
650 |a Indústria tèxtil  |x Aspectes socials   |9 45348 
650 0 |a Educació del consumidor   |9 26804 
700 |a Mendizabal, Garbiñe   |9 45349 
700 |a Quintela, Mónica  |9 45350 
901 |a Arxiu 
942 |n 1 
952 |0 0  |1 0  |4 0  |6 M3271  |7 1  |9 52516  |a Arxiu  |b Arxiu  |d 2016-12-01  |l 0  |o M-3-271  |p 19176  |r 2016-12-01 00:00:00  |w 2016-12-01  |y ARXIU 
999 |c 56364  |d 56364